Normal view MARC view
  • Merea, E. César

Entry Nombre Personal

Number of records used in: 2

001 - NUMERO DE CONTROL

  • campo de control: 42628

003 - IDENTIFICADOR DE NUMERO DE CONTROL

  • campo de control: UPN

005 - FECHA Y HORA DE LA ÜLTIMA TRANSACCIÓN

  • campo de control: 20210219194622.0

008 - DATOS DE LONGITUD FIJA

  • campo de control de longitud fija: nabaccnnaabn|||||||||| b |nc|||||d

035 ## - NUMERO DE CONTROL

  • Número de control: UPN11000014735

040 ## - FUENTE DE CATALOGACIÓN

  • Lenguaje de catalogación: SPA
  • Agencia de transcripción: UPN

100 1# - ENCABEZAMIENTO - NOMBRE PERSONAL

  • Nombre personal: Merea, E. César

670 ## - FUENTE EN LA QUE SE LOCALIZARON DATOS

  • Cita de la fuente: T
  • Uniform Resource Identifier: https://www.fcede.es/site/es/autores/autor_detalle.aspx?idAutor=1863

680 ## - NOTA PUBLICA DE ACCESO PÚBLICO

  • Frase explicativa de la referencia: Médico por la Universidad de Buenos Aires, Psicoanalista y Ensayista argentino. Se formó como psicoanalista en la Asociación Psicoanalítica Argentina. Fue profesor del Instituto de Psicoanálisis, coordinador del Departamento de Familias y Parejas, asesor de la Secretaría Científica y Secretario Científico.

902 ## - CATALOGADOR

  • Catalogador: EMR/200519